Business Law. (Record no. 747)

MARC details
000 -LEADER
fixed length control field 00358nam a22001217a 4500
005 - DATE AND TIME OF LATEST TRANSACTION
control field 20200817160757.0
008 - FIXED-LENGTH DATA ELEMENTS--GENERAL INFORMATION
fixed length control field 200817b ||||| |||| 00| 0 eng d
020 ## - INTERNATIONAL STANDARD BOOK NUMBER
International Standard Book Number 0538126418
040 ## - CATALOGING SOURCE
Transcribing agency CML
245 ## - TITLE STATEMENT
Title Business Law.
Statement of responsibility, etc. Anderson, R.A.
260 ## - PUBLICATION, DISTRIBUTION, ETC.
Place of publication, distribution, etc. Cincinnati
Name of publisher, distributor, etc. South-Western Publishing Co.
Date of publication, distribution, etc. 1980
942 ## - ADDED ENTRY ELEMENTS (KOHA)
Source of classification or shelving scheme Dewey Decimal Classification
Koha item type Books
Edition 11th Edition
Classification part 336
Call number suffix AND
Holdings
Withdrawn status Lost status Source of classification or shelving scheme Damaged status Not for loan Collection code Home library Current library Shelving location Date acquired Total Checkouts Full call number Date last seen Copy number Price effective from Koha item type
    Dewey Decimal Classification     Social Sciences Chalimbana Main Library Chalimbana Main Library Social Sciences 08/17/2020   336 AND 08/17/2020 1 08/17/2020 Books

Powered by Koha